000 00525nam a2200205Ia 4500
003 OSt
005 20250806125429.0
008 250729s2005 xx 000 0 und d
020 _a978-8171418466
040 _cAL
041 _aeng
082 _a371.9104 KUMS
100 _aRaja Kumari Alice M
_9220985
245 _aSpecial education
260 _aNew Delhi
_bDiscovery Publishing House
_c2005
300 _a379p
650 _aSpecial Education
_9220986
700 _aSundari Suguna Rita
_9220987
942 _2ddc
_cBED
999 _c234809
_d234809